Investigación acción y curriculum: métodos y recursos para profesionales reflexivos

Salvato in:
Dettagli Bibliografici
Autore principale: Mckernan, James (autor)
Altri autori: Amo, Tomás del (traductor)
Natura: Libro
Lingua:spagnolo
Pubblicazione: Madrid, España: Morata, 1999.
Edizione:Primera edición.
Serie:Colección Pedagogía. Manuales
Soggetti:
Tags: Aggiungi Tag
Nessun Tag, puoi essere il primo ad aggiungerne!!

MARC

LEADER 00000cam a2200000 a 4500
001 UCO7117
003 CL-VaPUC
005 20231120123651.0
008 001110e19990000SP |||||||||||||||||spa|d
020 |a 9788471124388 
040 |c Pontificia Universidad Católica de Valparaíso 
082 0 4 |a 370.78 MCK 1999  |2 21 
100 |a Mckernan, James  |e autor  |9 451798 
245 1 0 |a Investigación acción y curriculum: métodos y recursos para profesionales reflexivos 
250 |a Primera edición.  
260 |a Madrid, España:  |b Morata,  |c 1999.  
300 |a 311 páginas. 
490 0 |a Colección Pedagogía. Manuales 
583 |a last modification  |c 20181011 06:42:45  |k Rodrigo Vera 
650 0 |a Currículo  |9 307290 
650 0 |a Filosofía de la educación   |9 258384 
650 0 |a Investigación educacional   |9 261192 
650 0 |a Métodos de investigación   |9 262618 
700 |a Amo, Tomás del   |e traductor  |9 886034 
942 |c BK  |2 ddc 
945 |d 20001110 00:00:00  |a vberengu 
999 |c 292322  |d 292320 
952 |0 0  |1 0  |4 0  |6 370_780000000000000_MCK_1999  |7 0  |8 A  |9 343000  |a BIBEDU  |b BIBEDU  |c ES_NOD  |d 2019-11-20  |i 3658910  |o 370.78 MCK 1999  |p 3658910  |r 2023-08-09  |w 2019-11-20  |y BK  |k BME 
952 |0 0  |1 0  |4 0  |6 370_780000000000000_MCK_1999  |7 0  |8 A  |9 343001  |a BIBEDU  |b BIBEDU  |c ES_NOD  |d 2019-11-20  |i 3697797  |o 370.78 MCK 1999  |p 3697797  |r 2023-08-09  |w 2019-11-20  |y BK  |k EPE 
952 |0 0  |1 0  |4 0  |6 370_780000000000000_MCK_1999  |7 0  |8 A  |9 343002  |a BIBEDU  |b BIBEDU  |c ES_NOD  |d 2019-11-20  |i 4066200  |o 370.78 MCK 1999  |p 4066200  |r 2023-08-09  |w 2019-11-20  |y BK  |k PAR 
952 |0 0  |1 0  |4 0  |6 370_780000000000000_MCK_1999  |7 0  |8 A  |9 343003  |a BIBEDU  |b BIBEDU  |c ES_NOD  |d 2019-11-20  |i 4916522  |o 370.78 MCK 1999  |p 4916522  |r 2023-08-09  |w 2019-11-20  |y BK  |k EPE 
952 |0 0  |1 0  |3 erb  |4 0  |6 370_780000000000000_MCK_1999  |7 0  |8 A  |9 343004  |a BIBTEO  |b BIBTEO  |i 5112443  |o 370.78 MCK 1999  |p 5112443  |r 2025-01-17  |w 2019-11-20  |y BK  |z Catalogado en:20140905  |k ICR 
952 |0 0  |1 0  |4 0  |6 370_780000000000000_MCK_1999  |7 0  |8 A  |9 343108  |a BIBEDU  |b BIBEDU  |c ES_NOD  |d 2019-11-20  |i 3665976  |o 370.78 MCK 1999  |p 3665976  |r 2023-08-09  |w 2019-11-20  |y BK  |k LIT 
952 |0 0  |1 0  |3 erb  |4 0  |6 370_780000000000000_MCK_1999  |7 0  |8 A  |9 343109  |a BIBCUR  |b BIBCUR  |i 5506964  |l 1  |m 2  |o 370.78 MCK 1999  |p 5506964  |r 2025-04-29  |s 2025-04-09  |w 2019-11-20  |y BK  |z Catalogado en:20181012  |k MDC 
952 |0 0  |1 0  |3 erb  |4 0  |6 370_780000000000000_MCK_1999  |7 0  |8 A  |9 343110  |a BIBCUR  |b BIBCUR  |i 5506956  |o 370.78 MCK 1999  |p 5506956  |r 2025-04-22  |w 2019-11-20  |y BK  |z Catalogado en:20181012  |k MDC 
952 |0 0  |1 0  |2 ddc  |4 0  |6 370_780000000000000_MCK_1999  |7 0  |8 A  |9 592573  |a BIBCUR  |b BIBCUR  |c GEN  |d 2023-11-20  |e 3  |g 28674.00  |i 5659531  |l 1  |m 2  |o 370.78 MCK 1999  |p 5659531  |r 2025-04-22  |s 2024-06-24  |t 9  |v 28674.00  |w 2023-11-20  |y BK  |k FIS